000
00284nam a2200109Ia 4500
005
20251222143213.0
008
251222s9999||||xx |||||||||||||| ||spa||
082
_a
378.985/U61
245
0
_a
Hacia una Ley Universitaria
264
_b
Universidad Nacional Agraria La Molina
942
_c
LIB
999
_c
13536
_d
13536